Statistics for Every College Mascot

Click here to take the quiz!

General Stats

  • This quiz has been taken 2,502 times
    (2,469 since last reset)
  • The average score is 99 of 202

Answer Stats

HintAnswer% Correct
Baylor*Bears
92%
Texas A&M*Aggies
90%
WisconsinBadgers
89%
LSU*Tigers
89%
Duke*Blue Devils
88%
StanfordCardinal
87%
Ohio StateBuckeyes
86%
OregonDucks
85%
FloridaGators
85%
Oregon StateBeavers
84%
UCLA*Bruins
84%
HarvardCrimson
84%
Arizona*Wildcats
82%
Notre DameFighting Irish
82%
NebraskaCornhuskers
81%
TexasLonghorns
80%
Cincinnati*Bearcats
80%
AlabamaCrimson Tide
80%
Louisville*Cardinals
79%
PurdueBoilermakers
79%
Boston College*Eagles
79%
Michigan*Wolverines
79%
South Carolina*Gamecocks
79%
MiamiHurricanes
79%
KansasJayhawks
78%
SyracuseOrange
78%
USC*Trojans
78%
Michigan State*Spartans
78%
ColoradoBuffaloes
77%
Pittsburgh*Panthers
76%
TCUHorned Frogs
76%
VirginiaCavaliers
76%
Florida StateSeminoles
76%
Boise State*Broncos
76%
TennesseeVolunteers
76%
North CarolinaTar Heels
76%
OklahomaSooners
76%
Yale*Bulldogs
75%
San Diego StateAztecs
75%
IowaHawkeyes
75%
MinnesotaGolden Gophers
75%
IndianaHoosiers
75%
Arizona StateSun Devils
75%
Washington*Huskies
74%
West Virginia*Mountaineers
74%
CaliforniaGolden Bears
74%
ArkansasRazorbacks
74%
Wyoming*Cowboys
74%
Penn StateNittany Lions
74%
IllinoisFighting Illini
73%
Iowa StateCyclones
72%
Temple*Owls
72%
BYU*Cougars
71%
Virginia TechHokies
71%
South Florida*Bulls
70%
HawaiiRainbow Warriors
70%
MarylandTerrapins
69%
Georgia TechYellow Jackets
69%
Wake ForestDemon Deacons
69%
UtahUtes
69%
NavyMidshipmen
68%
Texas Tech*Red Raiders
68%
SMU*Mustangs
67%
GeorgetownHoyas
66%
VanderbiltCommodores
66%
Ohio*Bobcats
65%
ArmyBlack Knights
64%
Central Florida*Knights
64%
Columbia*Lions
64%
TulaneGreen Wave
64%
Air Force*Falcons
63%
DaytonFlyers
63%
UNLV*Rebels
63%
RutgersScarlet Knights
62%
MassachusettsMinutemen
62%
AkronZips
62%
MarshallThundering Herd
61%
New MexicoLobos
61%
Seton Hall*Pirates
60%
Nevada*Wolf Pack
58%
CreightonBluejays
58%
RichmondSpiders
58%
DelawareBlue Hens
57%
UTEPMiners
56%
Bucknell*Bison
56%
Wichita StateShockers
56%
Marquette*Golden Eagles
55%
St. Jospeh's*Hawks
55%
IdahoVandals
55%
ProvidenceFriars
53%
Rhode Island*Rams
53%
Western KentuckyHilltoppers
52%
North TexasMean Green
50%
ToledoRockets
50%
UABBlazers
50%
South Alabama*Jaguars
50%
MontanaGrizzlies
49%
TulsaGolden Hurricane
49%
Central MichiganChippewas
48%
DrexelDragons
47%
PennQuakers
47%
Kent StateGolden Flashes
46%
Louisiana LafayetteRagin' Cajuns
45%
St. LouisBillikens
44%
MaineBlack Bears
44%
South Dakota StateJackrabbits
43%
UC - IrvineAnteaters
43%
St. BonaventureBonnies
42%
UNC - Charlotte49ers
42%
CornellBig Red
42%
Youngstown StatePenguins
41%
Middle TennesseeBlue Raiders
41%
XavierMusketeers
41%
St. John'sRed Storm
39%
George MasonPatriots
38%
DePaulBlue Demons
38%
Old DominionMonarchs
38%
Wright StateRaiders
38%
Vermont*Catamounts
37%
Cleveland State*Vikings
37%
UT - San Antonio*Roadrunners
37%
Indiana StateSycamores
36%
Delaware State*Hornets
35%
Murray StateRacers
35%
Holy Cross*Crusaders
34%
JacksonvilleDolphins
34%
Bradley*Braves
34%
Liberty*Flames
33%
George Washington*Colonials
33%
Arkansas StateRed Wolves
33%
Southern IllinoisSalukis
32%
Florida A&MRattlers
32%
Southeast Missouri*Redhawks
32%
Coastal CarolinaChanticleers
32%
San FranciscoDons
32%
DartmouthBig Green
32%
Iona*Gaels
31%
North DakotaFighting Sioux
31%
James Madison*Dukes
31%
Illinois StateRedbirds
31%
PepperdineWaves
31%
SienaSaints
30%
Northern Arizona*Lumberjacks
30%
Cal State Fullerton*Titans
30%
Idaho StateBengals
30%
Louisiana MonroeWarhawks
30%
Northwestern StateDemons
30%
ManhattanJaspers
30%
La SalleExplorers
29%
UNC - Wilmington*Seahawks
29%
Wofford*Terriers
29%
UC Santa BarbaraGauchos
28%
William & MaryTribe
28%
AlbanyGreat Danes
28%
EvansvillePurple Aces
28%
Florida InternationalGolden Panthers
27%
Denver*Pioneers
27%
UM - Kansas CityKangaroos
25%
South DakotaCoyotes
25%
Nicholls State*Colonels
25%
Charleston Southern*Buccaneers
25%
StetsonHatters
24%
PortlandPilots
24%
HofstraPride
24%
CampbellFighting Camels
24%
Grand CanyonAntelopes
23%
Green Bay*Phoenix
23%
ChattanoogaMocs
22%
PresbyterianBlue Hose
22%
VMIKeydets
22%
New OrleansPrivateers
21%
Arkansas Pine BluffGolden Lions
21%
North FloridaOspreys
21%
OaklandGolden Grizzlies
21%
Mississippi ValleyDelta Devils
21%
LafayetteLeopards
21%
Western IllinoisLeathernecks
21%
MaristRed Foxes
21%
Austin PeayGovernors
21%
FurmanPaladins
21%
Northern KentuckyNorse
20%
Long IslandBlackbirds
20%
FairfieldStags
20%
Loyola (MD)Greyhounds
20%
Stony BrookSeawolves
20%
St. Peter'sPeacocks
19%
CanisiusGolden Griffins
19%
Loyola (IL)Ramblers
18%
LongwoodLancers
18%
LehighMountain Hawks
18%
UM - Baltimore Co.Retrievers
17%
San DiegoToreros
17%
Texas A&M - CCIslanders
17%
Nebraska Omaha*Mavericks
17%
Radford*Highlanders
16%
IPFWMastadons
16%
Cal State NorthridgeMatadors
16%
Tennessee MartinSkyhawks
16%
NiagaraPurple Eagles
15%
Southern UtahThunderbirds
15%
St. Francis (PA)Red Flash
13%
UMass - LowellRiver Hawks
11%

Score Distribution

Percentile by Number Answered

Percent of People with Each Score

Your Score History

You have not taken this quiz since the last reset